Central Library OPAC University of Rajshahi

Determinants of social structure and social change in India and other papers / (Record no. 33780)

MARC details
000 -LEADER
fixed length control field 00856cam a22002651 4500
001 - CONTROL NUMBER
control field 33780
003 - CONTROL NUMBER IDENTIFIER
rucl marc code BD-RjUL
005 - DATE AND TIME OF LATEST TRANSACTION
control field 20211209052046.0
008 - FIXED-LENGTH DATA ELEMENTS--GENERAL INFORMATION
fixed length control field 140511s1970 ii b 000 0 eng
035 ## - SYSTEM CONTROL NUMBER
System control number (BD-RjUL)33871
040 ## - CATALOGING SOURCE
Original cataloging agency DLC
Transcribing agency DLC
Modifying agency DLC
-- BD-RjUL
Language of cataloging eng
041 ## - LANGUAGE CODE
Language code of text/sound track or separate title eng
082 04 - DEWEY DECIMAL CLASSIFICATION NUMBER
Classification number 301.24954
Author mark and year PAD 1970
100 1# - MAIN ENTRY--PERSONAL NAME
Personal name Panchanadikar, K. C.
9 (RLIN) 102576
245 10 - TITLE STATEMENT
Title Determinants of social structure and social change in India and other papers /
Statement of responsibility, etc. by K. C. Panchanadikar [and] J. Panchanadikar.
260 ## - PUBLICATION, DISTRIBUTION, ETC. (IMPRINT)
Place of publication, distribution, etc. Bombay :
Name of publisher, distributor, etc. Popular Prakashan,
Date of publication, distribution, etc. c 1970.
300 ## - PHYSICAL DESCRIPTION
Pagination xv, 241 p. ;
Size 23 cm.
504 ## - BIBLIOGRAPHY, ETC. NOTE
Bibliography, etc Includes bibliographies.
650 #0 - SUBJECT ADDED ENTRY--TOPICAL TERM
Topical term or geographic name as entry element Panchayat
Geographic subdivision India.
9 (RLIN) 18240
651 #0 - SUBJECT ADDED ENTRY--GEOGRAPHIC NAME
Geographic name India
General subdivision Social conditions.
9 (RLIN) 102577
700 1# - ADDED ENTRY--PERSONAL NAME
Personal name Panchanadikar, J.,
Relator term joint author.
942 ## - ADDED ENTRY ELEMENTS (KOHA)
Source of classification or shelving scheme Dewey Decimal Classification
Koha item type Books
Holdings
Lost status Source of classification or shelving scheme Damaged status Not for loan Permanent Location Current Location Shelving location Date acquired Total Checkouts Full call number Date last seen Copy number Koha item type
  Dewey Decimal Classification   Not For Loan Central Library, University of Rajshahi Central Library, University of Rajshahi Reading Room 11/05/2014   301.24954 PAD 1970 11/05/2014 C-1 Books